000 00460nam a22001697a 4500
005 20251108172147.0
008 250721s1984 xx 000 0 ara d
082 1 4 _a659.111/عاد
100 1 _aحسن، عادل
245 1 0 _aالعلاقات العامة /
250 _aط3
264 1 _aبيروت :
_bدار النهضة العربية،
_c1984.
300 _a215ص
650 1 7 _aالعلاقات العامة
942 _2ddc
_cBK
999 _c71936
_d71936